000 00850cam a22002535a 4500
001 L158058
002 19675
008 111021S2014 xxk 000 0 eng d
020 _a9781482204063
035 _a(Sirsi) u158268
041 0 _aeng
050 _a692.5 $2 18
110 2 _aAECOM
245 0 0 _aSpon's architects' and builders' price book 2015
250 _a140th ed.
260 _aOxon
_bCRC Press
_bTaylor and Francis
_c2014
505 _aGeneral -- Approximate estimating -- Rates of wages -- Prices for measured works: major works -- Prices for measured works: minor works -- Fees for professional services -- Daywork and prime cost -- Tables and memoranda
520 _aSupersedes 139th edition
521 _aAdvanced
590 _aKA
651 4 _aUnited Kingdom
_y
690 _aBUILT ENVIRONMENT-BUILDING COSTS
942 _n0
999 _c115234
_d115234